| 000 | 00943cam a2200229 4500 | ||
|---|---|---|---|
| 001 | J109786 | ||
| 008 | 000000n2000 000 0 eng u | ||
| 035 | _a(Sirsi) u109786 | ||
| 050 | _a347.4107 | ||
| 110 |
_aRoyal Institution of Chartered Surveyors _94900 |
||
| 245 | _aYour guide to dispute resolution. | ||
| 260 |
_aLondon _bRICS _c2000 |
||
| 300 | _a1 folder (7 parts) ; 30cm. | ||
| 520 | _aPublicity material about the RICS Dispute Resolution Service. email [email protected] Includes 7 information papers. | ||
| 650 | _aDISPUTE RESOLUTION SERVICE | ||
| 650 | _aMANAGEMENT-DISPUTE AVOIDANCE, MANAGEMENT AND RESOLUTION-DISPUTE MANAGEMENT AND RESOLUTION-ARBITRATION | ||
| 650 | _aMEDIATION | ||
| 650 | _aMANAGEMENT-DISPUTE AVOIDANCE, MANAGEMENT AND RESOLUTION-DISPUTE MANAGEMENT AND RESOLUTION-ALTERNATIVE DISPUTE RESOLUTION-ADJUDICATION | ||
| 650 |
_aEXPERT WITNESS _96239 |
||
| 690 |
_aDispute resolution _96236 |
||
| 942 | _n0 | ||
| 999 |
_c100982 _d100982 |
||